Datum a čas kvízu
33
Celkem bodů
Celkový počet nahraných bodů na tomto kvízu bez doplňovacích otázek.
1.
Pořadí na kvízu
Konečné umístění týmu na tomto kvízu.
Zaznamenané odpovědi
| # | Otázka | Odpověď | Body | Výsledky |
|---|---|---|---|---|
| 1. | Napište čtyři slova, jimiž něk... | Společnost pro podporu Ukrajiny | 1 | |
| 2. | Parašutista Nicolas Scarabrin... | oko jehly | 0 | |
| 3. | Která moderátorka oznámila, že... | Lucie Výborná | 1 | |
| 4. | Tato 40letá žena se jmenuje Le... | Zoo Praha | 1 | |
| 5. | Brankář Anatolij Trubin v posl... | Benfica Lisabon | 0 | |
| 6. | Na obrázku níže můžete vidět d... | Drákula a Frankenstein | 0 | |
| 7. | Co by to bylo za hororové téma... | C | 0 | |
| 8. | Ze které (převážně videoherní)... | Resident Evil | 0 | |
| 9. | Přiřaďte herce a herečky k jej... | 1B 2D 3A 4C | 0 | |
| 10. | Čím je inspirován česko-americ... | D | 1 |